Retrouve le groupe ou l'artiste grâce au nom d'une de ses tournées - Statistiques

Statistiques générales
  • Ce quiz a été pris 9 fois
  • Le résultat moyen est 22 sur 50
Statistiques - réponses
Tournée Groupe/Artiste solo % Correct
Bad World Tour Michael Jackson
100%
Viva la Vida Coldplay
88%
The Born This Way Ball Lady Gaga
88%
The Virgin Tour Madonna
88%
Racine carrée Tour Stromae
88%
Diamonds World Tour Rihanna
75%
Brol Tour Angèle
63%
My World 2.0 Justin Bieber
63%
Nevermind Nirvana
63%
The Magic Tour Queen
63%
Starboy: Legend of the Fall Tour The Weeknd
63%
The Joshua Tree Tour U2
63%
Dangerous Woman Tour Ariana Grande
50%
Beat Ballad Show Beatles
50%
I Am... World Tour Beyoncé
50%
The M+M's Tour Britney Spears
50%
The 24K Magic World Tour Bruno Mars
50%
Love Yourself World Tour BTS
50%
Ziggy Stardust Tour David Bowie
50%
The Recovery Tour Eminem
50%
California Dreams Tour Katy Perry
50%
Take Me Home Tour One Direction
50%
The Sun Comes Out World Tour Shakira
50%
The 1989 World Tour Taylor Swift
50%
1 by 1 Tour Billie Eilish
38%
Deadline World Tour Blackpink
38%
Let’s Talk About Love World Tour Celine Dion
38%
X Tour Ed Sheeran
38%
Entre gris clair et gris foncé Jean-Jacques Goldman
38%
Steel Wheels Rolling Stones
38%
If You Want Blood Tour AC/DC
25%
The E.N.D. World Tour Black Eyed Peas
25%
Alive 2006/2007 Daft Punk
25%
Radical Optimism Tour Dua Lipa
25%
Night Visions Imagine Dragons
25%
Une nuit dans votre ville Indochine
25%
Psycho Circus World Tour Kiss
25%
Projekt Revolution Linkin Park
25%
Warano Tour Maître Gims
25%
I'm with You World Tour Red Hot Chili Pepper
25%
Nostalgic for the Present Tour Sia
25%
5-Star Dome Tour Stray Kids
25%
Quadrophenia Tour The Who
25%
This is For Twice
25%
The Spirit Tour Bee Gees
13%
Jump Up Elton John
13%
Use Your Illusion Tour Guns N'Roses
13%
Gypsy Heart Tour Miley Cyrus
13%
A Momentary Lapse of Reason Tour Pink Floyd
13%
Red Room Red Velvet
13%
Aucun quiz correspondant
Distribution des résultats
% des personnes avec chaque résultat
Percentile par nombre de réponses
Votre historique - résultats
Vous n’avez pas pris ce quiz